What Is _____? - Logo Edition #1 - Statistics

General Stats
  • This quiz has been taken 13 times
  • The average score is 7 of 15
Answer Stats
What is _____? Answer Here % Correct
Shell? Gas Station
80%
Burberry Clothing
60%
H&M Clothing
60%
Allstate Insurance Company
50%
Dairy Queen Restaurant
50%
Taco Bell Restaurant
50%
Google Search Engine
50%
Renault Car Brand
40%
Jetpunk Quiz Website
40%
EasyJet Airline
30%
Intel Computer Company
30%
MacOS Computer Company
30%
Roblox Online Game
30%
BIC Pen Maker
30%
Youtube Video Sharing Platform
30%
No matching quizzes found
Score Distribution
Percent of People with Each Score
Percentile by Number Answered
Your Score History
You have not taken this quiz